| 000 | 00790nam a2200229 i 4500 | ||
|---|---|---|---|
| 001 | 10275 | ||
| 003 | ES-MaACL | ||
| 005 | 20230906145844.0 | ||
| 007 | t| | ||
| 008 | 950407s1994 sp |||| |dspa d | ||
| 020 | _a84-451-0848-4 | ||
| 080 | _a325.254(46:72)"1939-1950" | ||
| 100 | 1 |
_aDomínguez Prats, Pilar. _945235 |
|
| 245 | 1 | 0 |
_aVoces del exilio _b: mujeres españolas en México (1939-1950) / _cPilar Domínguez Prats. |
| 260 |
_aMadrid : _bComunidad de Madrid, Dirección General de la Mujer, _cD.L. 1994. |
||
| 300 |
_a294 p. ; _c21 cm. |
||
| 500 | _aÍndices. | ||
| 504 | _aBibliografía : p. 279-291. | ||
| 650 | 1 | 4 |
_aExiliados españoles- _zMéxico. _912674 |
| 710 | 1 |
_aMadrid (Comunidad Autónoma). _bDirección General de la Mujer. _95615 |
|
| 852 |
_aES-MaACL _jL-17777 |
||
| 999 |
_c10275 _d10275 |
||